000 01360nam a2200301 i 4500
003 DO-SdBNP
005 20260605103238.0
007 ta
008 230614b2022 dr ac||| |||| 00| 0 spa d
020 _a9789945222296
040 _aDO-SdBNP
_bspa
_cBNPHU
_erda
041 _aspa
082 4 _a922.27293
_bC957r
_222
100 1 _91117
_aCruz, Rogelio,
_d1958
_eautor
_4aut.
245 1 0 _aRogelio Cruz. Un cura que vino del campo :
_bla pedagogía del fresco y el atrevido /
_cRogelio Cruz
264 _aSanto Domingo :
_bEditora Búho,
_c2022.
300 _a407 páginas :
_bilustraciones, retratos ;
_c23 cm.
336 _atexto
_btxt
_2rdacontent
337 _asin mediación
_bn
_2rdamedia
338 _avolumen
_bnc
_2rdacarrier
505 _aIntroducción--
_tCurriculum P. Rogelio Cruz--
_tCorrió tanto que llegó al seminario--
_tLas peripecias del padre Rogelio Cruz (un cura que vino del campo)--
_tPensamientos e ideas del padre Rogelio Cruz--
_tEn lo religioso--
_tEn avanzadas religiosa radical--
_tEn lo social--
_tEn lo político--
_tEn medio ambiente y miranda.
590 _aInventariado, 2023/BT
600 1 0 _aCruz, Rogelio,
_d1958-
_989826
650 7 _aSacerdotes
_zRepública Dominicana
_2LIBRUNAM
_989827
651 7 _aRepública Dominicana
_xBiografía
_2LIBRUNAM
_910879
910 _aBtavárez /Validado. Control de calidad MFF
942 _2ddc
_cLBS1
999 _c53829
_d53829